[Event "Montcalm VII 2002-03"]
[Site "Quebec CAN"]
[Date "2003.05.01"]
[Round "1"]
[White "Faille, Jacques"]
[Black "Laplante, Jean-Simon"]
[Result "1-0"]
[WhiteElo "1980"]
[BlackElo "1411"]
[PlyCount "111"]
[EventDate "2003.05.01"]
[EventType "swiss"]
[EventRounds "5"]
[EventCountry "CAN"]

1. e4 c5 2. Nc3 d6 3. g3 Nf6 4. Bg2 Nc6 5. d3 g6 6. Nge2 Bg7 7. O-O O-O 8. f3
e6 9. Be3 Bd7 10. Qd2 Re8 11. g4 Ne5 12. Rae1 Qb6 13. Nd1 Qc7 14. Ng3 d5 15. g5
Nh5 16. Nxh5 gxh5 17. f4 Ng4 18. e5 h6 19. gxh6 Bxh6 20. Qe2 d4 21. Bd2 Bc6 22.
h3 Ne3 23. Bxe3 dxe3 24. Qxh5 Kh7 25. Nxe3 Bxg2 26. Kxg2 Rg8+ 27. Kh2 Qa5 28.
Re2 Qxa2 29. Ng4 Rg6 30. Rg1 Kg7 31. Nxh6 Rh8 32. Rxg6+ fxg6 33. Qg5 Rxh6 34.
Qe7+ Kg8 35. Qxb7 Qa4 36. Qe4 Qa2 37. b3 Qb1 38. Qa8+ Kg7 39. Qxa7+ Kg8 40.
Qb8+ Kg7 41. Qc7+ Kg8 42. Qc8+ Kf7 43. Qd7+ Kf8 44. Qxe6 Qf1 45. Qf6+ Kg8 46.
Rg2 Kh7 47. Qg5 Qf3 48. Qg4 Qf1 49. e6 Kg7 50. Qg5 Qf3 51. Qg4 Qf1 52. e7 Kf7
53. Qg5 Rxh3+ 54. Kxh3 Qh1+ 55. Kg3 Qe1+ 56. Kh2 1-0

[Event "Montcalm VII 2002-03"]
[Site "Quebec CAN"]
[Date "2003.05.08"]
[Round "2"]
[White "Bourassa, Andre"]
[Black "Boutin, Andre"]
[Result "1-0"]
[WhiteElo "1687"]
[BlackElo "1425"]
[PlyCount "26"]
[EventDate "2003.05.01"]
[EventType "swiss"]
[EventRounds "5"]
[EventCountry "CAN"]

1. d4 f5 2. c4 Nf6 3. Nc3 e6 4. Nf3 Bb4 5. Bd2 c6 6. a3 Ba5 7. c5 d5 8. cxd6
Qxd6 9. e3 Bc7 10. Bc4 Nbd7 11. b4 b5 12. Bb3 Nb6 13. Ne5 Qd7 1-0

[Event "Montcalm VII 2002-03"]
[Site "Quebec CAN"]
[Date "2003.05.08"]
[Round "2"]
[White "Lachance, Norbert"]
[Black "Faille, Jacques"]
[Result "1-0"]
[WhiteElo "1716"]
[BlackElo "1980"]
[PlyCount "101"]
[EventDate "2003.05.01"]
[EventType "swiss"]
[EventRounds "5"]
[EventCountry "CAN"]

1. d4 f5 2. Bg5 Nf6 3. Bxf6 exf6 4. e3 b6 5. Bd3 Bb7 6. Nf3 g6 7. h4 h5 8. Nbd2
Qe7 9. O-O Kf7 10. c3 Bh6 11. Re1 d5 12. Qb3 Kg7 13. Rac1 Nd7 14. c4 dxc4 15.
Bxc4 c5 16. Bd5 Bxd5 17. Qxd5 Rhe8 18. Nb3 Rac8 19. dxc5 Nxc5 20. Nxc5 Rxc5 21.
Rxc5 bxc5 22. Rd1 Kh8 23. Qc6 Rd8 24. Rxd8+ Qxd8 25. Qxc5 Bf8 26. Qd4 Qxd4 27.
Nxd4 Kg8 28. Kf1 Bc5 29. Ne6 Bb6 30. Ke2 Kf7 31. Nf4 Bc7 32. Kd3 Be5 33. b3 a6
34. Kc4 g5 35. hxg5 fxg5 36. Nxh5 Kg6 37. Kd5 Bh2 38. Ng3 Bg1 39. Nh1 Kf6 40.
a4 a5 41. e4 fxe4 42. Kxe4 Ke6 43. g3 Bh2 44. f4 gxf4 45. gxf4 Kd6 46. f5 Kc5
47. Kd3 Kd5 48. Nf2 Bf4 49. Ne4 Ke5 50. f6 Ke6 51. Kc4 1-0

[Event "Montcalm VII 2002-03"]
[Site "Quebec CAN"]
[Date "2003.05.08"]
[Round "2"]
[White "Saint Amand, Paul"]
[Black "Berube, Antoine"]
[Result "1-0"]
[WhiteElo "2068"]
[BlackElo "1768"]
[PlyCount "47"]
[EventDate "2003.05.01"]
[EventType "swiss"]
[EventRounds "5"]
[EventCountry "CAN"]

1. e4 c5 2. Nf3 d6 3. c3 Nf6 4. h3 Nc6 5. Bd3 g6 6. O-O Bg7 7. Bc2 O-O 8. Re1
Qc7 9. d4 cxd4 10. cxd4 Rd8 11. Nc3 a6 12. Be3 e5 13. d5 Na5 14. Nd2 Nd7 15.
Rc1 Rf8 16. Bd3 b6 17. b4 Nb7 18. Nb5 Qd8 19. Nc7 Ra7 20. Nxa6 Na5 21. bxa5
Bxa6 22. axb6 Nxb6 23. Bxa6 Rxa6 24. Rc6 1-0

[Event "Montcalm VII 2002-03"]
[Site "Quebec CAN"]
[Date "2003.05.15"]
[Round "3"]
[White "Laflamme, Simon"]
[Black "Saint Amand, Paul"]
[Result "0-1"]
[WhiteElo "1902"]
[BlackElo "2068"]
[PlyCount "80"]
[EventDate "2003.05.01"]
[EventType "swiss"]
[EventRounds "5"]
[EventCountry "CAN"]

1. e4 c5 2. Nf3 d6 3. d4 cxd4 4. Nxd4 Nf6 5. Nc3 a6 6. Be2 e5 7. Nb3 Be7 8. O-O
O-O 9. Kh1 Be6 10. f4 exf4 11. Bxf4 Nc6 12. Nd4 Ne5 13. Nf5 Bxf5 14. exf5 Rc8
15. Qd4 Qc7 16. Rad1 Rfe8 17. Rd2 Qa5 18. Rfd1 Bf8 19. a3 b5 20. Nd5 Nxd5 21.
Qxd5 Qa4 22. Bg3 Rxc2 23. b3 Rxd2 24. bxa4 Rxd5 25. Rxd5 bxa4 26. Ra5 Nd7 27.
Bxa6 Nc5 28. Bb5 Rb8 29. Bf1 h5 30. Bf2 Rb1 31. Kg1 Ne4 32. Be3 d5 33. Rxd5
Bxa3 34. Rd4 Nc3 35. Rd8+ Kh7 36. Ra8 Bb4 37. Kf2 Nd1+ 38. Kf3 Rb3 39. Ke2 Nxe3
40. Rxa4 Nxf5 0-1

[Event "Montcalm VII 2002-03"]
[Site "Quebec CAN"]
[Date "2003.05.22"]
[Round "4"]
[White "Bourassa, Andre"]
[Black "Robitaille, Denis"]
[Result "1/2-1/2"]
[WhiteElo "1687"]
[BlackElo "1840"]
[PlyCount "107"]
[EventDate "2003.05.01"]
[EventType "swiss"]
[EventRounds "5"]
[EventCountry "CAN"]

1. d4 g6 2. c4 Bg7 3. Nc3 d6 4. e4 Nf6 5. f3 O-O 6. Be3 c5 7. dxc5 dxc5 8. Qxd8
Rxd8 9. Bxc5 Nc6 10. Nd5 Nd7 11. Nxe7+ Nxe7 12. Bxe7 Re8 13. Ba3 Ne5 14. Rd1
Be6 15. b3 f5 16. f4 Ng4 17. e5 Ne3 18. Rd2 Rad8 19. Bd6 g5 20. g3 Bd7 21. h3
Bc6 22. Rhh2 gxf4 23. gxf4 Bh6 24. Ne2 Be4 25. Kf2 Nxf1 26. Kxf1 Rxe5 27. Bb4
Ree8 28. Rf2 Bg7 29. Nc3 Bd3+ 30. Kg2 Kf7 31. Nd5 Be4+ 32. Kf1 Rg8 33. Ne7 Rge8
34. Nd5 Rd7 35. Nc3 Bd3+ 36. Kg2 Red8 37. Kg3 Bf6 38. Kf3 b6 39. Nd5 Be4+ 40.
Ke3 Bh4 41. Rf1 Bxd5 42. cxd5 Rxd5 43. Rfd1 Rxd2 44. Rxd2 Ke6 45. Rxd8 Bxd8 46.
Kd4 Bc7 47. Bd2 Bd6 48. Kc4 a6 49. Be3 Bc7 50. a4 Kd6 51. b4 Kc6 52. b5+ axb5+
53. axb5+ Kd6 54. Bf2 1/2-1/2

[Event "Montcalm VII 2002-03"]
[Site "Quebec CAN"]
[Date "2003.05.22"]
[Round "4"]
[White "Saint Amand, Paul"]
[Black "Lapierre, Gaetan"]
[Result "1/2-1/2"]
[WhiteElo "2068"]
[BlackElo "1828"]
[PlyCount "97"]
[EventDate "2003.05.01"]
[EventType "swiss"]
[EventRounds "5"]
[EventCountry "CAN"]

1. e4 e6 2. d4 d5 3. e5 c5 4. c3 Nc6 5. Nf3 Qb6 6. a3 Nh6 7. b4 cxd4 8. cxd4
Nf5 9. Bb2 h5 10. Bd3 Bd7 11. Bxf5 exf5 12. Nc3 Be6 13. O-O Be7 14. Qd3 g5 15.
Na4 Qa6 16. Qxa6 bxa6 17. Rfc1 Bd7 18. Nc5 a5 19. b5 Nd8 20. a4 g4 21. Ne1 Ne6
22. Ned3 Bc8 23. Rc2 a6 24. bxa6 O-O 25. Nxe6 fxe6 26. Rc7 Bd8 27. Rc6 Bxa6 28.
Nc5 Bc8 29. Nxe6 Bb7 30. Rc2 Re8 31. Nxd8 Rexd8 32. Rc7 Ba6 33. f3 gxf3 34.
gxf3 Rac8 35. Rc5 Rxc5 36. dxc5 Kf7 37. Bc3 Rc8 38. Bxa5 Rxc5 39. Bb4 Rc4 40.
Bd6 Ke6 41. Ra2 d4 42. Kf2 f4 43. a5 d3 44. Ke1 Rc1+ 45. Kd2 Rf1 46. Rb2 Rxf3
47. Rb6 Rf2+ 48. Kd1 Rf1+ 49. Kd2 1/2-1/2

[Event "Montcalm VII 2002-03"]
[Site "Quebec CAN"]
[Date "2003.06.29"]
[Round "5"]
[White "Lachance, Norbert"]
[Black "Bourassa, Andre"]
[Result "0-1"]
[WhiteElo "1716"]
[BlackElo "1687"]
[PlyCount "78"]
[EventDate "2003.05.01"]
[EventType "swiss"]
[EventRounds "5"]
[EventCountry "CAN"]

1. e4 c5 2. Nf3 d6 3. c3 Nf6 4. d3 g6 5. Nbd2 Bg7 6. Be2 O-O 7. O-O Nc6 8. Re1
Qc7 9. a4 a5 10. Nc4 d5 11. exd5 Nxd5 12. Ne3 e6 13. Ng5 Nxc3 14. bxc3 Bxc3 15.
Bd2 Bxa1 16. Qxa1 Qe5 17. Qxe5 Nxe5 18. Bc3 h6 19. Bxe5 hxg5 20. Bf6 Bd7 21.
Bd1 b5 22. Ng4 e5 23. Re3 Bxg4 24. Bxg4 Ra6 25. Be7 f5 26. Bxf8 Kxf8 27. axb5
Rb6 28. Bd1 Rxb5 29. g3 Rb1 30. Re1 a4 31. Rxe5 Rxd1+ 32. Kg2 Rc1 33. Re2 Rc3
34. Rd2 a3 35. Kf1 Ke7 36. Ke2 Kd6 37. Ra2 Kd5 38. Rd2 Kd4 39. h3 Rb3 0-1

[Event "Montcalm op"]
[Site "Quebec CAN"]
[Date "2003.01.10"]
[Round "1"]
[White "Audet-Bouchard, Nicolas"]
[Black "Ouellet, Michel"]
[Result "1/2-1/2"]
[WhiteElo "2038"]
[BlackElo "1848"]
[PlyCount "61"]
[EventDate "2003.01.10"]
[EventType "swiss"]
[EventRounds "5"]
[EventCountry "CAN"]

1. e4 d6 2. d4 g6 3. Nc3 Bg7 4. Bc4 Nf6 5. Qe2 c6 6. e5 dxe5 7. dxe5 Nd5 8. Bd2
e6 9. Nf3 Nd7 10. O-O-O O-O 11. h4 Qc7 12. Rde1 b5 13. Bxd5 exd5 14. e6 Nc5 15.
exf7+ Qxf7 16. h5 d4 17. hxg6 hxg6 18. Nb1 Qxa2 19. Qe7 Nb3+ 20. cxb3 Bf5 21.
Re4 Rae8 22. Qh4 g5 23. Nxg5 Rxe4 24. Nxe4 Qxb3 25. Bh6 d3 26. Na3 Qxb2+ 27.
Kd1 Qa1+ 28. Kd2 Qb2+ 29. Kd1 Qa1+ 30. Kd2 Qb2+ 31. Kd1 1/2-1/2

[Event "Montcalm op"]
[Site "Quebec CAN"]
[Date "2003.01.10"]
[Round "1"]
[White "Auger, Bertrand"]
[Black "Papineau (Granby), Daniel"]
[Result "1-0"]
[WhiteElo "2091"]
[BlackElo "1863"]
[PlyCount "87"]
[EventDate "2003.01.10"]
[EventType "swiss"]
[EventRounds "5"]
[EventCountry "CAN"]

1. Nf3 d5 2. g3 c5 3. b3 Nc6 4. Bb2 f6 5. Bg2 e5 6. d3 Nh6 7. Nbd2 Nf7 8. O-O
Be7 9. c4 d4 10. Qc2 Be6 11. a3 Qd7 12. Rfd1 g5 13. Nf1 h5 14. e3 h4 15. exd4
cxd4 16. b4 Bh3 17. Bh1 hxg3 18. fxg3 Nh6 19. Qe2 Ng4 20. Bc1 Nd8 21. N3d2 Ne6
22. Ne4 O-O-O 23. Nf2 Rdg8 24. Nxg4 Nf4 25. gxf4 gxf4 26. Bf3 Bxg4 27. Bxg4
Rxg4+ 28. Kh1 f5 29. Qf3 Bh4 30. Ra2 Qg7 31. Rg2 Rg8 32. Rxg4 fxg4 33. Qe4 Qg5
34. Rd2 f3 35. Rc2 Qh5 36. Qd5 Rh8 37. Qe6+ Kb8 38. Kg1 Be1 39. Qd6+ Ka8 40.
Qf6 g3 41. h4 Qxh4 42. Qxh4 Rxh4 43. Bg5 Rh5 44. Bf6 1-0

[Event "Montcalm op"]
[Site "Quebec CAN"]
[Date "2003.01.10"]
[Round "1"]
[White "Caire, Francois"]
[Black "Filiatreault, Michel"]
[Result "1-0"]
[WhiteElo "2061"]
[BlackElo "1854"]
[PlyCount "81"]
[EventDate "2003.01.10"]
[EventType "swiss"]
[EventRounds "5"]
[EventCountry "CAN"]

1. d4 Nf6 2. c4 e6 3. Nf3 c5 4. d5 exd5 5. cxd5 d6 6. Nc3 g6 7. e4 Bg4 8. Be2
Nbd7 9. O-O Bg7 10. Bf4 Bxf3 11. Bxf3 Ne5 12. Be2 a6 13. Bg3 O-O 14. f4 Ned7
15. a4 Re8 16. Qc2 Rc8 17. a5 c4 18. Rfe1 Rc5 19. Ra4 Rxa5 20. Rxc4 Rc5 21.
Rxc5 Nxc5 22. Bf3 Ncd7 23. e5 dxe5 24. fxe5 Nh5 25. Bxh5 gxh5 26. Qf5 h4 27.
Bf4 Qe7 28. Ne4 Bxe5 29. Bxe5 Nxe5 30. Nf6+ Kf8 31. Rxe5 Qc5+ 32. Qf2 Qc1+ 33.
Qf1 Qc5+ 34. Kh1 Re7 35. Nxh7+ Ke8 36. Qe1 Rxe5 37. Qxe5+ Kd8 38. h3 b5 39. Kh2
Qc7 40. d6 Qd7 41. Nf8 1-0

[Event "Montcalm op"]
[Site "Quebec CAN"]
[Date "2003.01.10"]
[Round "1"]
[White "Cote, Jocelyn"]
[Black "Drolet, Stephane"]
[Result "0-1"]
[WhiteElo "1860"]
[BlackElo "2071"]
[PlyCount "68"]
[EventDate "2003.01.10"]
[EventType "swiss"]
[EventRounds "5"]
[EventCountry "CAN"]

1. e4 e6 2. d3 d5 3. Nd2 Nc6 4. Ngf3 Nf6 5. g3 e5 6. h3 Bc5 7. c3 a5 8. Bg2
dxe4 9. dxe4 O-O 10. O-O b6 11. Nh4 Ba6 12. Re1 g6 13. Qf3 Be7 14. Nf1 Nd7 15.
Bh6 Re8 16. Rad1 Bc8 17. Nf5 Bg5 18. h4 Bf6 19. N1e3 gxf5 20. exf5 e4 21. Qg4+
Kh8 22. Bxe4 Bb7 23. Bd5 Nce5 24. Qh5 c6 25. Bxf7 Nxf7 26. Qxf7 Re7 27. Qh5 Qe8
28. Qe2 Ne5 29. f4 Nf7 30. Qh5 Rxe3 31. Rxe3 Qxe3+ 32. Kf1 Nxh6 33. Rd7 Ba6+
34. Kg2 Rg8 0-1

[Event "Montcalm op"]
[Site "Quebec CAN"]
[Date "2003.01.10"]
[Round "1"]
[White "Fecteau, Martin"]
[Black "Fortier, Marc-Andre"]
[Result "0-1"]
[WhiteElo "1968"]
[BlackElo "2265"]
[PlyCount "57"]
[EventDate "2003.01.10"]
[EventType "swiss"]
[EventRounds "5"]
[EventCountry "CAN"]

1. d4 g6 2. c4 Bg7 3. Nc3 d6 4. e4 Nd7 5. Nf3 e5 6. Bg5 f6 7. Be3 Nh6 8. Qd2
Ng4 9. O-O-O Nxe3 10. fxe3 O-O 11. Kb1 c6 12. Bd3 Qe7 13. g4 Nb6 14. Rdg1 Be6
15. Qe2 Rac8 16. h4 d5 17. exd5 cxd5 18. cxd5 Rxc3 19. bxc3 Nxd5 20. Qd2 Qa3
21. Rc1 Nxe3 22. g5 Bd5 23. Rhe1 Nf5 24. gxf6 Rxf6 25. Nxe5 Rb6+ 26. Ka1 Bh6
27. Qc2 Bxc1 28. Rxc1 Kg7 29. Re1 0-1

[Event "Montcalm op"]
[Site "Quebec CAN"]
[Date "2003.01.10"]
[Round "1"]
[White "Lemay, Hugo"]
[Black "Blais, Georges"]
[Result "0-1"]
[WhiteElo "1323"]
[BlackElo "1648"]
[PlyCount "66"]
[EventDate "2003.01.10"]
[EventType "swiss"]
[EventRounds "5"]
[EventCountry "CAN"]
[TimeControl "30/90:0"]

1. e4 g6 2. Nf3 Bg7 3. d4 c6 4. Bc4 d5 5. exd5 cxd5 6. Bb3 Nf6 7. O-O O-O 8.
Re1 Nc6 9. Be3 Na5 10. Nbd2 Nxb3 11. Nxb3 b6 12. Qd2 Ne4 13. Qc1 Re8 14. Ng5
Nd6 15. Nd2 Nf5 16. Ngf3 Nxe3 17. Rxe3 Bg4 18. c4 dxc4 19. Qxc4 Rc8 20. Qa4 Rc7
21. h3 Bf5 22. Rae1 Bh6 23. Re5 Kf8 24. g4 Bc2 25. Qb4 Bf4 26. Rc1 Bxe5 27.
dxe5 Qd5 28. Nd4 Rec8 29. Nb5 Rd7 30. Nb3 Rc4 31. Nc3 Qd3 32. Qb5 Bxb3 33. axb3
Rxc3 0-1

[Event "Montcalm op"]
[Site "Quebec CAN"]
[Date "2003.01.10"]
[Round "1"]
[White "Lepage, Steven"]
[Black "Bourassa, Andre"]
[Result "0-1"]
[WhiteElo "1398"]
[BlackElo "1679"]
[PlyCount "54"]
[EventDate "2003.01.10"]
[EventType "swiss"]
[EventRounds "5"]
[EventCountry "CAN"]

1. e4 c5 2. Ne2 Nc6 3. Nbc3 g6 4. d4 cxd4 5. Nxd4 Bg7 6. Be3 d6 7. Bc4 Bd7 8.
Qd2 Nf6 9. f3 O-O 10. O-O-O Ne5 11. Be2 Rc8 12. g4 Nc4 13. Bxc4 Rxc4 14. h4 h5
15. g5 Ne8 16. f4 Qa5 17. Qd3 b5 18. f5 Nc7 19. Nb3 Qa6 20. fxg6 fxg6 21. Nd5
Qxa2 22. e5 Nxd5 23. Qxd5+ Kh7 24. Rd3 Bc6 25. Qe6 Bxh1 26. Qxe7 Rf1+ 27. Kd2
Qb1 0-1

[Event "Montcalm op"]
[Site "Quebec CAN"]
[Date "2003.01.10"]
[Round "1"]
[White "Lessard, Claude"]
[Black "Saint Amand, Paul"]
[Result "1/2-1/2"]
[WhiteElo "1922"]
[BlackElo "2128"]
[PlyCount "66"]
[EventDate "2003.01.10"]
[EventType "swiss"]
[EventRounds "5"]
[EventCountry "CAN"]

1. d4 Nf6 2. Nf3 e6 3. c4 c5 4. e3 d5 5. Nc3 Nc6 6. cxd5 exd5 7. Be2 Bd6 8. O-O
O-O 9. a3 cxd4 10. exd4 h6 11. h3 Re8 12. Be3 a6 13. Bd3 Bc7 14. Re1 Qd6 15.
Qc2 Bd7 16. b4 b5 17. Qb3 Rec8 18. Rac1 Be6 19. Ne2 Bb6 20. Ng3 Qd7 21. Bb1 Bc7
22. Qd3 Bd6 23. Bd2 Bxg3 24. fxg3 Ne4 25. g4 Qd6 26. Rxe4 dxe4 27. Qxe4 g6 28.
Rc5 Ne7 29. Bf4 Qd7 30. Ne5 Qe8 31. Bxh6 Rxc5 32. bxc5 Bd5 33. Qf4 Kh7 1/2-1/2

[Event "Montcalm op"]
[Site "Quebec CAN"]
[Date "2003.01.10"]
[Round "1"]
[White "Saint-Pierre, Steve"]
[Black "Angers, Gilles"]
[Result "1/2-1/2"]
[WhiteElo "1819"]
[BlackElo "2013"]
[PlyCount "68"]
[EventDate "2003.01.10"]
[EventType "swiss"]
[EventRounds "5"]
[EventCountry "CAN"]

1. e4 e6 2. d4 d5 3. e5 c5 4. c3 Nc6 5. Nf3 Qb6 6. a3 Nh6 7. b4 cxd4 8. cxd4
Nf5 9. Bb2 a5 10. b5 a4 11. g4 Nh6 12. Nc3 Be7 13. Nxa4 Qa5+ 14. Nc3 Na7 15.
Bd3 Bd7 16. Qb3 O-O 17. g5 Nf5 18. O-O g6 19. Kh1 Qb6 20. Bxf5 gxf5 21. a4 Nc6
22. Qd1 Na5 23. Ne2 Nc4 24. Bc3 Rfc8 25. Rg1 Kh8 26. Rg3 Rg8 27. h4 Rac8 28. h5
Qd8 29. Qg1 Rf8 30. Be1 Be8 31. Nf4 Nb2 32. b6 Nxa4 33. Bd2 Nxb6 34. Ra7 Nc4
1/2-1/2

[Event "Montcalm op"]
[Site "Quebec CAN"]
[Date "2003.01.10"]
[Round "1"]
[White "Sauve, Richard"]
[Black "Dion, Jean-Francois"]
[Result "1-0"]
[WhiteElo "2011"]
[BlackElo "1759"]
[PlyCount "55"]
[EventDate "2003.01.10"]
[EventType "swiss"]
[EventRounds "5"]
[EventCountry "CAN"]

1. d4 Nf6 2. c4 g6 3. Nc3 Bg7 4. e4 d6 5. f3 O-O 6. Be3 e5 7. d5 Nbd7 8. Qd2 a5
9. O-O-O Nc5 10. g4 Nfd7 11. g5 f5 12. gxf6 Bxf6 13. h4 Rf7 14. Bh3 Nb6 15. Qe2
Rb8 16. Bxc5 dxc5 17. Be6 Bxh4 18. f4 exf4 19. Nf3 Bf6 20. e5 Bg7 21. Ne4 Qe7
22. Bxf7+ Kxf7 23. Rxh7 Kg8 24. Nf6+ Kf8 25. Rdh1 Nd7 26. Rh8+ Bxh8 27. Rxh8+
Kg7 28. Rg8+ 1-0

[Event "Montcalm op"]
[Site "Quebec CAN"]
[Date "2003.01.11"]
[Round "2"]
[White "Angers, Gilles"]
[Black "Ouellet, Michel"]
[Result "1-0"]
[WhiteElo "2013"]
[BlackElo "1848"]
[PlyCount "63"]
[EventDate "2003.01.10"]
[EventType "swiss"]
[EventRounds "5"]
[EventCountry "CAN"]

1. e4 d6 2. d4 g6 3. c3 Bg7 4. f4 Nf6 5. Bd3 O-O 6. Nf3 c5 7. dxc5 dxc5 8. O-O
Qb6 9. Kh1 Bg4 10. Na3 Nc6 11. Nc4 Qc7 12. e5 Nd7 13. Qe1 Nb6 14. Nxb6 axb6 15.
Qh4 Qd7 16. Bc2 Rad8 17. Be3 Bf5 18. Rad1 Qc8 19. Bxf5 Qxf5 20. Qf2 Rd3 21.
Rxd3 Qxd3 22. Ne1 Qd5 23. a3 Rd8 24. b4 Qb3 25. bxc5 Qxa3 26. cxb6 Qxc3 27. Nf3
Qb3 28. h3 Ra8 29. Nd4 Ra2 30. Nxb3 Rxf2 31. Rxf2 e6 32. Rc2 1-0

[Event "Montcalm op"]
[Site "Quebec CAN"]
[Date "2003.01.11"]
[Round "2"]
[White "Beaudoin, Stephane"]
[Black "Auger, Bertrand"]
[Result "1/2-1/2"]
[WhiteElo "2010"]
[BlackElo "2091"]
[PlyCount "35"]
[EventDate "2003.01.10"]
[EventType "swiss"]
[EventRounds "5"]
[EventCountry "CAN"]

1. e4 e6 2. b3 d5 3. Bb2 dxe4 4. Nc3 Nf6 5. Qe2 Be7 6. O-O-O O-O 7. Nxe4 Nxe4
8. Qxe4 Bf6 9. d4 Qe7 10. Nf3 Nd7 11. Ne5 g6 12. h4 Bg7 13. Bd3 f5 14. Qe2 Nxe5
15. dxe5 Bd7 16. Kb1 Bc6 17. f4 h5 18. Qf2 1/2-1/2

[Event "Montcalm op"]
[Site "Quebec CAN"]
[Date "2003.01.11"]
[Round "2"]
[White "Bourassa, Andre"]
[Black "Filion, Rene"]
[Result "1-0"]
[WhiteElo "1679"]
[BlackElo "1473"]
[PlyCount "95"]
[EventDate "2003.01.10"]
[EventType "swiss"]
[EventRounds "5"]
[EventCountry "CAN"]

1. d4 d5 2. c4 c6 3. Nc3 Nf6 4. Bg5 e6 5. e3 Nbd7 6. Rc1 Bd6 7. Nf3 O-O 8. Bd3
h6 9. Bh4 Re8 10. O-O e5 11. dxe5 Nxe5 12. Nxe5 Bxe5 13. cxd5 cxd5 14. Bb5 Re6
15. Bxf6 Bxf6 16. Qxd5 Rd6 17. Qf3 a6 18. Bc4 Qb6 19. Ne4 Rc6 20. b3 Bd7 21.
Rfd1 Rd8 22. Rc2 Be8 23. Rcd2 Rxd2 24. Rxd2 Qc7 25. g3 b5 26. Bd5 Rc1+ 27. Kg2
Qb6 28. Nxf6+ Qxf6 29. Qxf6 gxf6 30. Bb7 a5 31. Rd8 Kf8 32. Rc8 Rxc8 33. Bxc8
b4 34. Bb7 Ke7 35. Kf3 Bd7 36. Kf4 Ke6 37. Kg4 a4 38. Kh5 axb3 39. axb3 Kd6 40.
Be4 Ke5 41. Bc2 Bf5 42. Bxf5 Kxf5 43. f3 Ke5 44. Kxh6 f5 45. Kg5 f6+ 46. Kg6 f4
47. gxf4+ Ke6 48. h4 1-0

[Event "Montcalm op"]
[Site "Quebec CAN"]
[Date "2003.01.11"]
[Round "2"]
[White "Forget, Luc"]
[Black "Saint-Pierre, Steve"]
[Result "1/2-1/2"]
[WhiteElo "1985"]
[BlackElo "1819"]
[PlyCount "127"]
[EventDate "2003.01.10"]
[EventType "swiss"]
[EventRounds "5"]
[EventCountry "CAN"]

1. c4 Nf6 2. Nf3 e6 3. d4 d5 4. g3 c6 5. Qc2 Bb4+ 6. Bd2 Bd6 7. Bg2 Nbd7 8. O-O
Ne4 9. Nc3 Nxc3 10. Qxc3 O-O 11. Rad1 Qc7 12. Rfe1 f5 13. c5 Be7 14. Bf4 Qd8
15. h4 h6 16. Qc1 Kh7 17. Kh2 Rg8 18. Rh1 Nf6 19. Ne5 Nh5 20. Be3 Bd7 21. Kg1
Be8 22. Rd3 Nf6 23. f3 Nh5 24. Bf2 Rf8 25. e3 Nf6 26. Rb3 Qc8 27. Qc2 Kg8 28.
g4 Nd7 29. Bg3 Nxe5 30. Bxe5 Bf6 31. Bxf6 Rxf6 32. g5 Rf8 33. f4 Bh5 34. Kf2
Rb8 35. Ra3 Ra8 36. b4 Qd7 37. Rb1 Bf7 38. Rab3 a6 39. a4 h5 40. Bf3 g6 41. Be2
Qc7 42. b5 axb5 43. axb5 Be8 44. R1b2 Bd7 45. Qb1 Ra5 46. bxc6 Bxc6 47. Bb5
Bxb5 48. Rxb5 Rxb5 49. Rxb5 Rf7 50. Rb6 Re7 51. Qb5 Kf7 52. Ke2 Qc8 53. Qa5 Rc7
54. Qa7 Re7 55. Kd2 Rc7 56. Kc3 Re7 57. Kb4 Rc7 58. Kb5 Qd7+ 59. Ka5 Qc8 60.
Rd6 Ke7 61. Rb6 Rd7 62. Kb5 Rc7 63. Qa3 Kf7 64. Rd6 1/2-1/2

[Event "Montcalm op"]
[Site "Quebec CAN"]
[Date "2003.01.11"]
[Round "2"]
[White "Fortier, Marc-Andre"]
[Black "Caire, Francois"]
[Result "1-0"]
[WhiteElo "2265"]
[BlackElo "2061"]
[PlyCount "63"]
[EventDate "2003.01.10"]
[EventType "swiss"]
[EventRounds "5"]
[EventCountry "CAN"]

1. e4 c5 2. Nc3 Nc6 3. g3 g6 4. Bg2 Bg7 5. d3 d6 6. f4 e5 7. Nh3 exf4 8. Bxf4
Nge7 9. Qd2 Bg4 10. Nf2 Be6 11. O-O O-O 12. Rae1 Qd7 13. Nd5 Ne5 14. c3 b5 15.
b3 Rac8 16. h3 a5 17. Nb6 Qc7 18. Nxc8 Bxc8 19. d4 cxd4 20. cxd4 N5c6 21. Rc1
Qd8 22. d5 Ne5 23. Nd3 Nxd3 24. Qxd3 b4 25. Rfe1 Bc3 26. Rxc3 bxc3 27. Qxc3 f6
28. h4 Bg4 29. Rc1 a4 30. Qb4 Nc8 31. bxa4 Rf7 32. Rc6 1-0

[Event "Montcalm op"]
[Site "Quebec CAN"]
[Date "2003.01.11"]
[Round "2"]
[White "Saint Amand, Paul"]
[Black "Boudreau, Daniel"]
[Result "1/2-1/2"]
[WhiteElo "2128"]
[BlackElo "1993"]
[PlyCount "47"]
[EventDate "2003.01.10"]
[EventType "swiss"]
[EventRounds "5"]
[EventCountry "CAN"]

1. e4 d6 2. d4 Nf6 3. Nc3 g6 4. f4 Bg7 5. Nf3 c5 6. Bb5+ Bd7 7. e5 Ng4 8. h3
Bxb5 9. Nxb5 dxe5 10. hxg4 Qa5+ 11. Bd2 Qxb5 12. dxe5 Qxb2 13. Rb1 Qxa2 14.
Rxb7 Qa6 15. Qb1 O-O 16. Rxe7 Nc6 17. Rd7 Rab8 18. Qd1 Rfd8 19. Rxd8+ Rxd8 20.
Kf2 Qc4 21. Qe2 Qxe2+ 22. Kxe2 f6 23. exf6 Bxf6 24. Rb1 1/2-1/2

[Event "Montcalm op"]
[Site "Quebec CAN"]
[Date "2003.01.11"]
[Round "2"]
[White "Sarra-Bournet, Marc"]
[Black "Marquis, Paul"]
[Result "0-1"]
[WhiteElo "1795"]
[BlackElo "1940"]
[PlyCount "80"]
[EventDate "2003.01.10"]
[EventType "swiss"]
[EventRounds "5"]
[EventCountry "CAN"]

1. e4 d6 2. d4 Nf6 3. Nc3 g6 4. f4 Bg7 5. Nf3 c5 6. e5 Nfd7 7. Bc4 cxd4 8. Qxd4
O-O 9. Qe3 dxe5 10. fxe5 Qc7 11. Bxf7+ Rxf7 12. e6 Rxf3 13. Qxf3 Qe5+ 14. Qe4
Nc5 15. Qxe5 Bxe5 16. Nd5 Bxe6 17. Nxe7+ Kf7 18. Bg5 Ne4 19. O-O+ Ke8 20. Rfe1
Bd4+ 21. Be3 Bxb2 22. Rab1 Bc3 23. Red1 Kxe7 24. Rxb7+ Nd7 25. Bc1 a5 26. Ba3+
Bb4 27. Bxb4+ axb4 28. Rxb4 Ndc5 29. Re1 Rxa2 30. c4 Rc2 31. Ra1 Bxc4 32. Ra7+
Kd6 33. Rb6+ Kd5 34. h4 Nd3 35. Rxh7 Nf4 36. Rd7+ Kc5 37. Rxg6 Nxg6 38. h5 Nf4
39. Rg7 Nxh5 40. Rg4 Nhg3 0-1

[Event "Montcalm op"]
[Site "Quebec CAN"]
[Date "2003.01.11"]
[Round "3"]
[White "Auger, Bertrand"]
[Black "Drolet, Stephane"]
[Result "1/2-1/2"]
[WhiteElo "2091"]
[BlackElo "2071"]
[PlyCount "33"]
[EventDate "2003.01.10"]
[EventType "swiss"]
[EventRounds "5"]
[EventCountry "CAN"]

1. Nf3 d5 2. g3 Nf6 3. Bg2 c6 4. b3 Bf5 5. O-O e6 6. Bb2 Nbd7 7. d3 h6 8. Nbd2
Bc5 9. c4 O-O 10. d4 Bd6 11. Ne5 Qe7 12. cxd5 exd5 13. Nxd7 Nxd7 14. Re1 Bb4
15. a3 Bxd2 16. Qxd2 Rfe8 17. a4 1/2-1/2

[Event "Montcalm op"]
[Site "Quebec CAN"]
[Date "2003.01.11"]
[Round "3"]
[White "Boudreau, Daniel"]
[Black "Michaud, Jacques"]
[Result "1-0"]
[WhiteElo "1993"]
[BlackElo "1530"]
[PlyCount "75"]
[EventDate "2003.01.10"]
[EventType "swiss"]
[EventRounds "5"]
[EventCountry "CAN"]

1. e4 c5 2. Nc3 Nc6 3. g3 d6 4. Bg2 Nf6 5. d3 Bg4 6. f3 Bd7 7. Be3 g6 8. Nge2
Bg7 9. Qd2 O-O 10. Bh6 e6 11. h4 Nd4 12. Nxd4 cxd4 13. Ne2 e5 14. g4 Rc8 15. c3
Qb6 16. Bxg7 Kxg7 17. c4 h5 18. g5 Ne8 19. O-O Be6 20. b3 f5 21. gxf6+ Nxf6 22.
Ng3 Qd8 23. Qg5 Qd7 24. f4 exf4 25. Rxf4 Bg4 26. Nf5+ Bxf5 27. exf5 Qe8 28.
Qxg6+ Qxg6 29. fxg6 Kxg6 30. Rxd4 Rcd8 31. Bxb7 Ng4 32. Re1 Rf6 33. c5 Rdf8 34.
cxd6 Rf2 35. d7 Ne3 36. Rxe3 Rf1+ 37. Kh2 R8f2+ 38. Bg2 1-0